000 01258cam a2200421 4500
001 a4527
003 DO-SdBNP
005 20230302122211.0
007 a4527
008 090519s2008 ag |||| 000 j spa
015 _a
017 _a
_b
020 _a9786071107411
035 _a
040 _aBPMSU
_bspa
_cBPMSU
_e
041 1 _aspa
_h
080 _a
082 _aA863.6
_bC827t 2010
_222
100 1 _aCortázar, Julio
_d1809-1849
243 1 0 _a
_l
245 1 0 _aTodos los fuegos, el fuego /
_c Julio Cortázar.
_h
250 _a
260 _aMéxico :
_bPunto de lectura,
_c2010
300 _a181 p. ;
_c22 cm
490 0 _a Punto de lectura
_a Narrativa
_v 16/2
500 _a
505 _aLa autopista del sur -- La salud de los enfermos -- Reunión -- La señorita Cora -- La isla a mediodía --Instrucciones para John Howell -- Todos los fuegos, el fuego -- El otro cielo.
590 _6Inventariado, 2023/VM
650 4 _a Cuentos argentinos
650 4 _aLiteratura argentina
700 1 _aCortázar, Julio
_d1914-1984
700 1 _a
_d
700 1 _aVolpi, Jorge
_d1968-
740 _aEl fuego
830 _a Punto de lectura
_v
910 _aVMateo V. Control de calidad (BPMSU)
942 _2ddc
_cBK
999 _c10497
_d10497